Pokémon - Les attaques de Méios - Statistiques

Statistiques générales
  • Ce quiz a été pris 15 fois
  • Le résultat moyen est 7 sur 15
Statistiques - réponses
Niveaux Types Noms des attaques % Correct
Départ Psy Choc Mental
88%
Niveau 40 Psy Psyko
88%
Niveau 52 Psy Prescience
75%
Niveau 16 Fée Charme
63%
Niveau 20 Psy Choc Psy
63%
Niveau 12 Psy Rafale Psy
63%
Niveau 46 Psy Échange
50%
Niveau 24 Psy Protection
50%
Départ Normal Soin
50%
Niveau 28 Psy Interversion
38%
Niveau 24 Psy Mur Lumière
38%
Niveau 58 Psy Zone Étrange
38%
Départ Normal Abri
25%
Niveau 35 Normal Balance
0%
Départ Normal Effort
0%
Aucun quiz correspondant
Distribution des résultats
% des personnes avec chaque résultat
Percentile par nombre de réponses
Votre historique - résultats
Vous n’avez pas pris ce quiz